000 01206cam a2200325 a 4500
999 _c183
_d183
001 15434726
003 ALUPE UNIVERSITY COLLEGE
005 20210609055951.0
008 080902s2009 nju b 001 0 eng
010 _a 2008038398
020 _a9780205672363 (alk. paper)
020 _a0205672361 (alk. paper)
035 _a(OCoLC)ocn229033869
040 _aDLC
_cDLC
_dYDX
_dBTCTA
_dBAKER
_dYDXCP
_dDLC
050 0 0 _aBJ1012
_b.T47 2009
082 0 0 _a170
_222
100 1 _aThiroux, Jacques P.
245 1 0 _aEthics :
_btheory and practice /
_cJacques P. Thiroux, with Keith W. Krasemann.
250 _a10th ed.
260 _aUpper Saddle River, N.J. :
_bPrentice Hall,
_cc2009.
300 _axvi, 526 p. ;
_c24 cm.
504 _aIncludes bibliographical references (p. 485-499) and index.
650 0 _aEthics
_vTextbooks.
650 0 _aEthical problems
_vTextbooks.
700 1 _aKrasemann, Keith W.
856 4 1 _3Table of contents only
_uhttp://www.loc.gov/catdir/toc/ecip0827/2008038398.html
906 _a7
_bcbc
_corignew
_d1
_eecip
_f20
_gy-gencatlg
942 _2lcc
_cBK
_nIO